000 01163cam a2200217 4500
001 X118367
008 020611n2002 000 0 eng u
035 _a(Sirsi) u118367
245 _aRyan v SoS Environment Transport and the Regions
260 _c2002
490 _aJournal of Planning and Environment Law
_v{2002] JPL 711-716(6)
520 _aQBD 10 October 2001. Application under Town and Country Planning Act 1990 s288. Whether Inspector in reach of the European Convention on Human Rights Art 8 and Protocol1 Art 1. Failure to consider claimant's personal circumstances. Time limit under s288(3). Whether it was incompatible with Convention rights or in confict with Human Rights Act 1998 s7. (Taken from Journal Headnote)
650 _aMATTHEWS V SOS ENVIRONMENT
650 _aTOWN AND COUNTRY PLANNING ACT 1990 S288
650 _aCONVENTION FOR THE PROTECTION OF HUMAN RIGHTS AND FUNDAMENTAL FREEDOMS FIRST PROTOCOL ART 1
650 _aCONVENTION FOR THE PROTECTION OF HUMAN RIGHTS AND FUNDAMENTAL FREEDOMS ART 8
650 _aHUMAN RIGHTS
650 _aPLANNING APPLICATIONS
690 _aPlanning and development
_96259
942 _n0
999 _c70456
_d70456